The Computer incident response planning handbook : (Record no. 71556)
[ view plain ]
| 000 -LEADER | |
|---|---|
| fixed length control field | 02216nam a22003257a 4500 |
| 005 - DATE AND TIME OF LATEST TRANSACTION | |
| control field | 20121121155112.0 |
| 008 - FIXED-LENGTH DATA ELEMENTS--GENERAL INFORMATION | |
| fixed length control field | 121121t xxu||||| |||| 00| 0 eng d |
| 010 ## - LCCN (DPL NO) | |
| LC control number | ENG-106186 |
| 020 ## - INTERNATIONAL STANDARD BOOK NUMBER | |
| International Standard Book Number | 9781259061172 |
| Terms of availability | 450.00 |
| 020 ## - INTERNATIONAL STANDARD BOOK NUMBER | |
| International Standard Book Number | 1259061175 |
| Terms of availability | 450.00 |
| 035 ## - SYSTEM CONTROL NUMBER | |
| System control number | EN-89719 |
| 037 ## - SOURCE OF ACQUISITION | |
| Source of stock number/acquisition | DBAD/PUB |
| 040 ## - CATALOGING SOURCE | |
| Original cataloging agency | DPL |
| Language of cataloging | Eng |
| 082 04 - DEWEY DECIMAL CLASSIFICATION NUMBER | |
| Classification number | 005.8 |
| Edition number | 22 |
| 100 1# - MAIN ENTRY--PERSONAL NAME | |
| Personal name | McCarthy, N. K. |
| 9 (RLIN) | 53704 |
| 245 14 - TITLE STATEMENT | |
| Title | The Computer incident response planning handbook : |
| Remainder of title | executable plans for potecting information at risk / |
| Statement of responsibility, etc | by N.K. McCarthy |
| 260 ## - PUBLICATION, DISTRIBUTION, ETC. (IMPRINT) | |
| Place of publication, distribution, etc | New Delhi |
| Name of publisher, distributor, etc | Tata McGraw-Hill |
| Date of publication, distribution, etc | c2012 |
| 270 ## - ADDRESS | |
| Address | 7 West Patel Nagar |
| City | New Delhi |
| Postal code | 110008 |
| 300 ## - PHYSICAL DESCRIPTION | |
| Extent | xxviii, 209p. |
| Dimensions | 24cm(pbk) |
| 505 0# - FORMATTED CONTENTS NOTE | |
| Formatted contents note | 1. Introduction to planning and crisis -- 2. Cyber due diligence in an era of information risk -- 3. Getting more out of your plans -- 4. Writing your computer incident response plan -- 5. Your data breach CIRP: Incident preparation -- 6. Your data breach CIRP: Plan execution -- 7. Your data breach CIRP: Post incident planning and maintenance -- 8. Your malware outbreak CIRP: Incident preparation -- 9. Your malware outbreak CIRP: Plan execution -- 10. Your malware outbreak CIRP: Post incident planning and maintenance -- 11. Closing thoughts -- Appendix A. Useful online resources -- Appendix B. Computer incident response plan (CIRP) management checklist -- Glossary -- Index. |
| 650 #0 - SUBJECT ADDED ENTRY--TOPICAL TERM | |
| Topical term or geographic name as entry element | Computer networks |
| General subdivision | Quality control |
| Form subdivision | Handbooks, manuals, etc. |
| 9 (RLIN) | 53705 |
| 650 #0 - SUBJECT ADDED ENTRY--TOPICAL TERM | |
| Topical term or geographic name as entry element | Computer networks |
| General subdivision | Security measures |
| Form subdivision | Handbooks, manuals, etc. |
| 9 (RLIN) | 53706 |
| 650 #0 - SUBJECT ADDED ENTRY--TOPICAL TERM | |
| Topical term or geographic name as entry element | Computer security |
| Form subdivision | Handbooks, manuals, etc. |
| 9 (RLIN) | 53707 |
| 856 42 - ELECTRONIC LOCATION AND ACCESS | |
| Materials specified | Contributor biographical information |
| Uniform Resource Identifier | <a href="http://www.loc.gov/catdir/enhancements/fy1214/2011277739-b.html">http://www.loc.gov/catdir/enhancements/fy1214/2011277739-b.html</a> |
| 856 42 - ELECTRONIC LOCATION AND ACCESS | |
| Materials specified | Publisher description |
| Uniform Resource Identifier | <a href="http://www.loc.gov/catdir/enhancements/fy1214/2011277739-d.html">http://www.loc.gov/catdir/enhancements/fy1214/2011277739-d.html</a> |
| 856 41 - ELECTRONIC LOCATION AND ACCESS | |
| Materials specified | Table of contents only |
| Uniform Resource Identifier | <a href="http://www.loc.gov/catdir/enhancements/fy1214/2011277739-t.html">http://www.loc.gov/catdir/enhancements/fy1214/2011277739-t.html</a> |
| 942 ## - ADDED ENTRY ELEMENTS (KOHA) | |
| Source of classification or shelving scheme | Dewey Decimal Classification |
| Item type | English Books |
| Classification part | 005.8 |
| Call number suffix | MCC |
| Withdrawn status | Lost status | Source of classification or shelving scheme | Damaged status | Not for loan | Collection code | Home library | Current library | Date acquired | Source of acquisition | Cost, normal purchase price | Total Checkouts | Full call number | Barcode | Date last seen | Copy number | Cost, replacement price | Koha item type |
|---|---|---|---|---|---|---|---|---|---|---|---|---|---|---|---|---|---|
| Dewey Decimal Classification | Not For Loan | Non-fiction | D.B.Act.Division | D.B.Act.Division | 21/11/2012 | DBAD/PUB | 450.00 | 005.8 MCC | EN-89719 | 21/11/2012 | 1 | 450.00 | English Books |
